000 00324nam a2200145Ia 4500
008 230718s9999 xx 000 0 und d
041 _aEng.
082 _a345.42
_bGUL-J
100 _aGulam,Anwar
245 0 _aJuvenile Laws
260 _aPakistan
_bManzoor law book
_c2004
300 _a92
650 _aLaw
999 _c30314
_d30314